000 00982nam a2200265 4500
001 178888
003 ES-MaACL
005 20240513124737.0
008 110728s2010 sp |||| |dspa d
020 _a978-84-92543-15-1
080 _a821.134.2-92"19"
100 1 _aDomenchina, Juan José,
_d1898-1959
_945067
245 1 0 _aArtículos selectos /
_cJuan José Domenchina ; prólogo y compilación de Amelia de Paz.
260 _a[Madrid] :
_bFundación Banco Santander,
_c[2010]
300 _aXXXVIII, 446 p. :
_b1 retr. ;
_c24 cm.
490 1 _aColección obra fundamental
504 _aBibliografía: p. [XXXI]-XXXVIII.
700 0 _aPaz, Amelia de,
_d1968-
_989744
710 2 _aFundación Banco Santander.
_9147458
830 0 _aColección obra fundamental
_9180326
852 _aES-MaACL
_9185754
_bR.145901
_jA-11384
_cDEPO1
_dOlim: N-4388
942 _2udc
_cMONOGRAFIA
999 _c178888
_d178888